Normal view
MARC view
Entry Topical Term
001 - CONTROL NUMBER
- control field: 21653
003 - CONTROL NUMBER IDENTIFIER
- control field: ARRUPE
005 - DATE AND TIME OF LATEST TRANSACTION
- control field: 20160121091245.0
008 - FIXED-LENGTH DATA ELEMENTS
- fixed length control field: 160121|| aca||aabn | a|a d
040 ## - CATALOGING SOURCE
- Original cataloging agency: ARRUPE
- Transcribing agency: ARRUPE
150 ## - HEADING--TOPICAL TERM
- Topical term or geographic name as entry element: Theater
- Geographic subdivision: England
- Geographic subdivision: London.
670 ## - SOURCE DATA FOUND
- Source citation: Work cat.: (ARRUPE)0: Booth, J. B. (John Bennion), 1880- 21651, "Master" and men: Pink 'un yesterdays., [1927]